Southville International School and Colleges
Your cart is empty.
  • Cart
  • Lists
    Public lists Eva Luna New books Lux_list list_1
    Your lists Log in to create your own lists
  • Log in to your account
  • Your cookies
  • Search history
Southville International School and Colleges
  • Advanced search
  • Recent comments
  • Most popular
  • Libraries

Log in to your account

Log in with GOOGLE


If you do not have an external account, but do have a local account, you can still log in:

  1. Home
  2. MARC view: Puzzles & games :
Normal view MARC view ISBD view

Puzzles & games : (Record no. 103354)

[ view plain ]
MARC details
000 -LEADER
fixed length control field 00630nam a2200205 a 4500
003 - CONTROL NUMBER IDENTIFIER
control field 0
005 - DATE AND TIME OF LATEST TRANSACTION
control field 20170302145739.0
008 - FIXED-LENGTH DATA ELEMENTS--GENERAL INFORMATION
fixed length control field 020410s19uu xx 00 eng d
020 ## - INTERNATIONAL STANDARD BOOK NUMBER
International Standard Book Number 1-56565-566-4
050 ## - LIBRARY OF CONGRESS CALL NUMBER
Classification number TR(GS 510.07
Item number C43 1997
100 ## - MAIN ENTRY--PERSONAL NAME
Personal name Cheney, Martha
245 ## - TITLE STATEMENT
Title Puzzles & games :
Remainder of title for reading math, bk. 2 (ages 4-6) /
Statement of responsibility, etc Written by Martha Cheney; illustrated by Larry Nolte.
260 ## - PUBLICATION, DISTRIBUTION, ETC. (IMPRINT)
Place of publication, distribution, etc Los Angeles :
Name of publisher, distributor, etc Lowell House Juvenile,
Date of publication, distribution, etc 1997.
300 ## - PHYSICAL DESCRIPTION
Extent 63 p.
440 ## - SERIES STATEMENT/ADDED ENTRY--TITLE
Title Gifted & Talented
650 ## - SUBJECT ADDED ENTRY--TOPICAL TERM
Topical term or geographic name as entry element Reading
General subdivision Juvenile literature
650 ## - SUBJECT ADDED ENTRY--TOPICAL TERM
Topical term or geographic name as entry element Math
General subdivision Juvenile literature
942 ## - ADDED ENTRY ELEMENTS (KOHA)
Source of classification or shelving scheme Dewey Decimal Classification
Koha item type Books
Holdings
Withdrawn status Lost status Source of classification or shelving scheme Damaged status Home library Current library Shelving location Date acquired Source of acquisition Cost, normal purchase price Total Checkouts Full call number Barcode Date last seen Price effective from Koha item type
    Dewey Decimal Classification   Elizalde Library Elizalde Library Teachers Reference Section 04/10/2002 Donation 298.00   TR(GS 510.07 C43 1997 E4570 04/12/2014 04/12/2014 Books

Puzzles & games :

APA

Cheney M., . (1997). Puzzles & games. Los Angeles: Lowell House Juvenile.

Chicago

Cheney Martha, . 1997. Puzzles & games. Los Angeles: Lowell House Juvenile.

Harvard

Cheney M., . (1997). Puzzles & games. Los Angeles: Lowell House Juvenile.

MLA

Cheney Martha, . Puzzles & games. Los Angeles: Lowell House Juvenile. 1997.

  • Place hold
  • Print
  • Cite
  • Add to your cart (remove)
  • Save record
    BIBTEX Dublin Core MARCXML MARC (non-Unicode/MARC-8) MARC (Unicode/UTF-8) MARC (Unicode/UTF-8, Standard) MODS (XML) RIS
  • More searches
    Search for this title in:
    Other Libraries (WorldCat) Other Databases (Google Scholar) Online Stores (Bookfinder.com) Open Library (openlibrary.org)

Exporting to Dublin Core...

SOUTHVILLE LIBRARY

Southville International School and Colleges Library

1281 Tropical Ave. Cor. Luxembourg St., BF Homes International, Las Pinas City

Tel. No. 8256374 / 252358 Loc. 117/146

Powered by Koha